000 00472nam a2200217Ia 4500
008 210210b1999 xxu||||| |||| 00| 0 eng d
082 _a657.42 ADIC
100 _aADIGA (K S)
245 _aCost accounting V1 Ed 2
250 _a
260 _aUdupi.
_bShubha Prakashana.,
_c1999
300 _a1-2,14
440 _a1
650 _aV1
650 _aEd
650 _aCost
650 _aaccounting
650 _a2
690 _aCost Accounting
906 _a056489
999 _c104039
_d104039